000 00963nam a2200253 a 4500
001 52198
003 BD-RjUL
005 20211209075751.0
008 160906s2010 bg a|||| ||| 001 0 eng d
020 _a9789843310422
_c: Tk. 365.00
035 _a(BD-RjUL)52318
040 _aBD-RjUL
_beng
_cBD-RjUL
_dBD-RjUL
041 _aeng
082 _223
_a330.95492
_bCES 2010
110 1 _aCentre for Policy Dialogue (Bangladesh)
_9137601
245 _aState of the Bangladesh economy in FY2008-09 and outlook for FY2009-10 /
_cCentre for Policy Dialogue (Bangladesh)
260 _aDhaka :
_bCentre for Policy Dialogue,
_cc2010
300 _axviii, 253 p. :
_bill. ;
_c28 cm.
490 _aIndependent review of Bangladesh's development (IRBD) series.
650 _aEconomic conditions
_xBangladesh
_y21st century
_9156130
650 _aEconomic
_xHistory
_9156131
830 _aIndependent review of Bangladesh's development (IRBD) series.
_9156132
942 _2ddc
_cBK
999 _c52198
_d52198